000 01424nam a2200325 a 4500
003 CBULib
005 20240319124606.0
008 120416s1996 ||||||||||||||||| || u
020 _a0521564379
040 _bEnglish
_cCBULib
_erda
041 _aeng
050 _aQC 981.8.C5 Cli
100 _aZinyowera, Marufu C
_92542
245 1 0 _aClimate change, 1995 : impacts, adaptations, and mitigation of climate change: scientific-technical analyses : contribution of working group II to the second assessment report of the Intergovernmental Panel on Climate Change /
_c/ edited by Robert T. Watson
260 _aCambridge :
_bCambridge University Press,
_c1996
300 _ax, 878 pages : illustrations
336 _2rdacontent
_aText |
_btxt
337 _2rdamedia
_aUnmediated |
_bn
338 _2rdacarrier
_aVolume
_bnc
500 _a'Published for the Intergovernmental Panel on Climate Change.' -Includes bibliographical references.
650 0 _aATMOSPHERE
_92494
650 0 _aCLIMATIC CHANGES--SOCIAL ASPECTS--ZAMBIA
_92543
700 _aWatson, Robert T
700 _aMoss, Richard H
_92545
710 _aIntergovernmental Panel on Climate Change. Working Group II
_92546
856 _uhttp://www.loc.gov/catdir/toc/cam022/96012841.html
856 _uhttp://www.loc.gov/catdir/description/cam027/96012841.html
942 _2lcc
_c002
999 _c37570
_d37570